Kentlerimiz kent olmadı (Record no. 122)

MARC details
000 -BAŞLIK
Sabit Uzunlukta Kontrol Alanı 00696na a2200253 4500
001 - KONTROL NUMARASI
Denetim Alanı 14143
003 - KONTROL NUMARASI IDENTIFIER
Denetim Alanı MIRAKIL
005 - SON İŞLEM TARİHİ VE ZAMANI
Denetim Alanı 20181213154734.0
008 - SABİT-BOY VERİ ELEMANLARI - GENEL BİLGİLER
Sabit Uzunlukta Kontrol Alanı 161102b tu 000 0
020 ## - ULUSLARARASI STANDART KİTAP NUMARASI
Uluslararası Standart Kitap Numarası 9759798751
035 ## - SİSTEM KONTROL NUMARASI
Sistem Kontrol Numarası 14143
040 ## - KATALOGLAMA KAYNAK
Orijinal Kataloglama Ajansı Milas
Kataloglama Dili tur
Metne Dönüştürmek Ajansı TR-AnCHP
082 ## - DEWEY ONLU SINIFLANDIRMA NUMARASI
Sınıflandırma Numarası 811.42
Ürün Numarası K49k 2006
090 ## - SINIFLAMA NUMARASI
Sınıflama Numarası 811.42 K49k 2006
100 ## - ANA GİRİŞ - KİŞİSEL İSİM
Kişisel Ad Kıyat, Mehmet
245 ## - BAŞLIK TABLOSU
Başlık Kentlerimiz kent olmadı
Başlığın Kalan Köyde kaldı cumhuriyet
Sorumluluk Tablosu, Vb Mehmet Kıyat
246 ## - UNVAN FORM VARYING
Başlık Doğru / Kısa Başlığı Köyde kaldı cumhuriyet
260 ## - YAYIN, DAĞITIM, VB
Yayın, Dağıtım, Vb Yeri Ankara
Yayıncı, Dağıtıcı, Vs Adı Doku yayınları
Yayın, Dağıtım, Vb Tarihi 2006
300 ## - FİZİKSEL TANIM
Kapsam 122 s.
Boyutlar 20 sm.
650 ## - KONU KATMA GİRİŞ - TOPİKAL DÖNEM
Topikal Süreli Veya Coğrafi Ad Giriş Elemanı Türkçe şiir
650 ## - KONU KATMA GİRİŞ - TOPİKAL DÖNEM
Topikal Süreli Veya Coğrafi Ad Giriş Elemanı Türk edebiyatı
Genel Alt Bölümü Şiirler
740 ## - KATMA GİRİŞ - KONTROLSUZ İLGİLİ / ANALİTİK BAŞLIK
Kontrol Edilmeyen / İlgili Analitik Başlıktaki Köyde kaldı cumhuriyet
942 ## - EKLENDİ GİRİŞ ELEMANLARI (KOHA)
Sınıflandırma Veya Raf Düzeni Kaynak Dewey Decimal Classification
Koha Öğesi Türü Books
999 ## - SİSTEM KONTROL NUMARALARI (KOHA)
Koha Biblionumber 122
Koha Biblioitemnumber 122
Holdings
Kalıcı Konum Mevcut Konum Edinme Tarihi Edinim Kaynak Toplam Check-Out'Lar Tam Çağrı Numarası Barkod Tarih Son Görülme İtibaren Geçerli Fiyatlar Koha Öğesi Türü
CHP Kütüphanesi CHP Kütüphanesi 08/24/2016 Bağış   811.42 K49k 2006 001057 08/24/2016 08/24/2016 Books